[Event "40 Nezhmetdinov Memorial"]
[Site "Kazan"]
[Date "2018.09.13"]
[Round "1.11"]
[White "Frolyanov, Dmitry"]
[Black "Safin, Robert"]
[Result "1-0"]
[WhiteElo "2532"]
[BlackElo "2098"]
[PlyCount "69"]
[EventDate "2018.09.13"]

1. e4 c5 2. Nf3 Nc6 3. Bb5 g6 4. Bxc6 dxc6 5. d3 Bg7 6. h3 Nf6 7. O-O O-O 8.
Re1 Re8 9. e5 Nd5 10. Nbd2 Qc7 11. Nf1 Rd8 12. Bd2 h6 13. Qc1 Kh7 14. a3 Be6
15. Ng3 c4 16. dxc4 Nb6 17. Re4 Nxc4 18. Bxh6 Bxh6 19. Rh4 Nd2 20. Nxd2 Kg7 21.
Rxh6 Kxh6 22. Nde4+ Kg7 23. Qg5 Rh8 24. Re1 b6 25. h4 Raf8 26. h5 Qd7 27. Nc3
Rh6 28. Rd1 Qc7 29. Nce2 Rfh8 30. Nf4 Bc8 31. e6 Bxe6 32. hxg6 Rxg6 33. Qxg6+
Kf8 34. Nxe6+ fxe6 35. Rd3 1-0

[Event "40 Nezhmetdinov Memorial"]
[Site "Kazan"]
[Date "2018.09.13"]
[Round "1.12"]
[White "Efremov, Vladislav"]
[Black "Iljiushenok, Ilia"]
[Result "0-1"]
[WhiteElo "2095"]
[BlackElo "2532"]
[PlyCount "62"]
[EventDate "2018.09.13"]

1. d4 d6 2. Nf3 Nf6 3. c4 g6 4. Nc3 Bg7 5. g3 O-O 6. Bg2 c6 7. O-O Qb6 8. e4
Bg4 9. h3 Bxf3 10. Bxf3 Nfd7 11. Ne2 c5 12. dxc5 Nxc5 13. Bg2 Nc6 14. a3 Qb3
15. Be3 Qxb2 16. Rb1 Qxa3 17. Bxc5 Qxc5 18. Rxb7 Rab8 19. Rxb8 Rxb8 20. Qd5 a5
21. Nc1 a4 22. Rd1 a3 23. Qxc5 dxc5 24. Kh2 Bd4 25. Rd3 Bb2 26. Rd1 Bxc1 27.
Rxc1 a2 28. Ra1 Rb2 29. e5 Nd4 30. Be4 Nb3 31. Rxa2 Rxa2 0-1

[Event "40 Nezhmetdinov Memorial"]
[Site "Kazan"]
[Date "2018.09.13"]
[Round "1.13"]
[White "Yudin, Sergei"]
[Black "Vorobiev, Sergey"]
[Result "1-0"]
[WhiteElo "2525"]
[BlackElo "2092"]
[PlyCount "51"]
[EventDate "2018.09.13"]

1. e4 e5 2. Nf3 Nc6 3. Bc4 Bc5 4. d3 Nf6 5. O-O O-O 6. Nbd2 a6 7. c3 d6 8. Bb3
Ba7 9. h3 Ne7 10. Re1 Ng6 11. Nf1 Qe7 12. Ng3 Be6 13. Bc2 h6 14. d4 Nh7 15. Be3
Ng5 16. Nf5 Qf6 17. Nxg5 hxg5 18. Qg4 Qd8 19. Bxg5 Qe8 20. Rad1 f6 21. Be3 Kf7
22. f4 Rg8 23. Nxd6+ cxd6 24. f5 Ne7 25. fxe6+ Kf8 26. Bb3 1-0

[Event "40 Nezhmetdinov Memorial"]
[Site "Kazan"]
[Date "2018.09.13"]
[Round "1.14"]
[White "Khazieva, Elza"]
[Black "Lintchevski, Daniil"]
[Result "0-1"]
[WhiteElo "2083"]
[BlackElo "2519"]
[PlyCount "61"]
[EventDate "2018.09.13"]

1. e4 c5 2. Nf3 e6 3. c4 Nc6 4. Nc3 g5 5. d4 g4 6. d5 gxf3 7. dxc6 fxg2 8. Bxg2
dxc6 9. Qh5 Nf6 10. Qh4 Be7 11. e5 Nd5 12. Qg3 Nxc3 13. bxc3 Qa5 14. Rb1 Qxa2
15. Qd3 Qa6 16. O-O Bd7 17. Bf4 b5 18. Be4 O-O-O 19. Ra1 Qb7 20. Ra2 Kc7 21.
Qf3 Be8 22. Kh1 h5 23. Rb1 a6 24. Ra4 h4 25. h3 Rb8 26. Be3 Kc8 27. Qg4 Qc7 28.
Qg7 Rf8 29. Raa1 Kb7 30. Bg5 Bxg5 31. Qxg5 0-1

[Event "40 Nezhmetdinov Memorial"]
[Site "Kazan"]
[Date "2018.09.13"]
[Round "1.15"]
[White "Levin, Evgeny A"]
[Black "Martynyuk, Elizaveta"]
[Result "1-0"]
[WhiteElo "2516"]
[BlackElo "2078"]
[PlyCount "97"]
[EventDate "2018.09.13"]

1. d4 d5 2. c4 c6 3. Nf3 Nf6 4. e3 e6 5. b3 c5 6. cxd5 Nxd5 7. Bb2 cxd4 8. Nxd4
e5 9. Nb5 Bb4+ 10. N1c3 Be6 11. a3 Bxc3+ 12. Nxc3 Nc6 13. b4 Nxc3 14. Bxc3
Qxd1+ 15. Rxd1 f6 16. Bd3 O-O 17. Ke2 Rac8 18. Be4 Bc4+ 19. Kf3 f5 20. Bd5+
Bxd5+ 21. Rxd5 e4+ 22. Ke2 Ne7 23. Rc5 b6 24. Rxc8 Rxc8 25. Kd2 b5 26. Bd4 Nd5
27. h3 Nb6 28. Ra1 Rc6 29. Bc5 Rg6 30. g3 h5 31. Kc3 h4 32. gxh4 Rg2 33. Ra2
Rh2 34. Bxb6 axb6 35. Kd4 Rxh3 36. Ke5 Rf3 37. Kd5 Rh3 38. Kc6 Rxh4 39. Kxb6 g5
40. Kxb5 g4 41. a4 Rh2 42. a5 g3 43. a6 Rxf2 44. Ra1 Rd2 45. a7 Rd8 46. a8=Q
Rxa8 47. Rxa8+ Kf7 48. Ra2 Ke6 49. Rg2 1-0

[Event "40 Nezhmetdinov Memorial"]
[Site "Kazan"]
[Date "2018.09.13"]
[Round "1.16"]
[White "Sairanov, Talgat"]
[Black "Maiorov, Nikita"]
[Result "0-1"]
[WhiteElo "2077"]
[BlackElo "2512"]
[PlyCount "58"]
[EventDate "2018.09.13"]

1. c4 Nf6 2. Nc3 e5 3. Nf3 Nc6 4. g3 Bb4 5. Bg2 O-O 6. O-O d6 7. Qc2 h6 8. d3
a5 9. Bd2 Re8 10. Nd5 Bc5 11. a3 Ba7 12. b4 Nxd5 13. cxd5 Ne7 14. Rac1 axb4 15.
axb4 Nxd5 16. e4 Nf6 17. Qxc7 Qxc7 18. Rxc7 Bb6 19. Rc2 Bd7 20. Be3 Bxe3 21.
fxe3 Rec8 22. Rxc8+ Rxc8 23. Nh4 Rc3 24. Rd1 Ng4 25. Nf5 Bxf5 26. exf5 Nxe3 27.
Rd2 Nxg2 28. Kxg2 Rb3 29. d4 e4 0-1

[Event "40 Nezhmetdinov Memorial"]
[Site "Kazan"]
[Date "2018.09.13"]
[Round "1.17"]
[White "Khanin, Semen"]
[Black "Asatryan, Gor"]
[Result "1-0"]
[WhiteElo "2507"]
[BlackElo "2072"]
[PlyCount "65"]
[EventDate "2018.09.13"]

1. e4 c5 2. Nf3 e6 3. d4 cxd4 4. Nxd4 Nf6 5. Nc3 Nc6 6. Ndb5 Bc5 7. Bf4 O-O 8.
Bc7 Qe7 9. Bd6 Bxd6 10. Qxd6 Qd8 11. Nc7 Rb8 12. Be2 b5 13. e5 b4 14. exf6 bxc3
15. fxg7 Kxg7 16. bxc3 Qf6 17. O-O Qxc3 18. Nb5 Qb4 19. Qg3+ Kh8 20. Rab1 Qc5
21. Nd6 Rxb1 22. Rxb1 Qxc2 23. Bd3 Qxa2 24. h4 Ba6 25. Be4 e5 26. Rb3 Qa4 27.
Bxc6 Qxc6 28. Qxe5+ f6 29. Qe7 Qc1+ 30. Kh2 Qf4+ 31. Rg3 Qxh4+ 32. Kg1 Qh6 33.
Nf5 1-0

[Event "40 Nezhmetdinov Memorial"]
[Site "Kazan"]
[Date "2018.09.13"]
[Round "1.18"]
[White "Garmash, Aliona"]
[Black "Harutyunian, Tigran K"]
[Result "0-1"]
[WhiteElo "2067"]
[BlackElo "2504"]
[PlyCount "66"]
[EventDate "2018.09.13"]

1. d4 Nf6 2. Nf3 d5 3. c4 e6 4. Nc3 Bb4 5. Qa4+ Nc6 6. e3 O-O 7. Bd2 dxc4 8.
Bxc4 Bd6 9. O-O a6 10. a3 e5 11. Qc2 exd4 12. Nxd4 Ng4 13. g3 Nxd4 14. exd4 Qf6
15. Bd3 Kh8 16. Ne2 Bd7 17. Rae1 Rae8 18. Qb3 Qf3 19. Bc4 Qxb3 20. Bxb3 Bb5 21.
Bd1 Re7 22. f3 Ne3 23. Bxe3 Rxe3 24. Kf2 Rd3 25. Nc3 Rd2+ 26. Be2 Re8 27. Nxb5
axb5 28. b4 c6 29. f4 Ra2 30. Rg1 g6 31. Kf1 Rxa3 32. Bd1 Rxe1+ 33. Kxe1 Bxb4+
0-1

[Event "40 Nezhmetdinov Memorial"]
[Site "Kazan"]
[Date "2018.09.13"]
[Round "1.19"]
[White "Gabrielian, Artur"]
[Black "Volkov, Roman"]
[Result "1-0"]
[WhiteElo "2503"]
[BlackElo "2065"]
[PlyCount "61"]
[EventDate "2018.09.13"]

1. e4 c6 2. d4 d5 3. Nd2 dxe4 4. Nxe4 Bf5 5. Ng3 Bg6 6. c3 e6 7. Nh3 Nf6 8. Nf4
Bd6 9. h4 Bxf4 10. Bxf4 h6 11. h5 Bh7 12. Qb3 Qb6 13. Qa3 Nbd7 14. Rd1 O-O-O
15. Be2 Rhe8 16. c4 e5 17. dxe5 Nxe5 18. O-O Nfd7 19. c5 Qxc5 20. b4 Qe7 21.
Qxa7 Qxb4 22. Be3 c5 23. a3 Qb6 24. Qxb6 Nxb6 25. Bxc5 Nd5 26. Rc1 Kb8 27. Bb5
Bd3 28. Bxe8 Bxf1 29. Nxf1 Rxe8 30. Bd6+ Ka7 31. Rc5 1-0

[Event "40 Nezhmetdinov Memorial"]
[Site "Kazan"]
[Date "2018.09.13"]
[Round "1.20"]
[White "Gavrilin, Roman"]
[Black "Hasangatin, Ramil"]
[Result "1/2-1/2"]
[WhiteElo "2054"]
[BlackElo "2490"]
[PlyCount "135"]
[EventDate "2018.09.13"]

1. e4 Nc6 2. Nf3 d6 3. d4 Nf6 4. Nc3 g6 5. Be2 Bg7 6. h3 O-O 7. Be3 e5 8. dxe5
dxe5 9. Bc5 Re8 10. Qxd8 Nxd8 11. O-O-O Ne6 12. Be3 Nd7 13. Bc4 c6 14. Ng5 Nxg5
15. Bxg5 Nc5 16. Be3 Ne6 17. Ne2 Bf8 18. a3 Bc5 19. Bxc5 Nxc5 20. f3 Kf8 21.
Rd6 Ke7 22. Rhd1 Ne6 23. R6d2 Rd8 24. Rxd8 Nxd8 25. Kd2 Ne6 26. Ke3 Bd7 27. f4
exf4+ 28. Nxf4 Nf8 29. Nd3 Re8 30. Nc5 Bc8 31. e5 b6 32. Ne4 Nd7 33. Kf4 Rf8
34. Rd6 g5+ 35. Nxg5 Nxe5 36. Rd4 f6 37. Nf3 Nxc4 38. Rxc4 c5 39. Re4+ Kf7 40.
Re2 Ba6 41. Rd2 Ke6 42. Nh4 Rf7 43. Nf5 Rd7 44. Rxd7 Kxd7 45. g3 Ke6 46. Ng7+
Kf7 47. Nf5 Ke6 48. Ng7+ Kd6 49. Ne8+ Ke7 50. Ng7 Be2 51. Nf5+ Ke6 52. Ne3 Bb5
53. Nf5 Bd7 54. Ne3 Kd6 55. g4 Ke6 56. h4 Bb5 57. Nf5 Bd7 58. Ne3 Be8 59. h5
Ba4 60. Ke4 Bb5 61. Kf4 Be2 62. Nf5 b5 63. b4 Kd5 64. Ne3+ Kd4 65. Nf5+ Kc4 66.
Ne3+ Kd4 67. Nf5+ Kc4 68. Ne3+ 1/2-1/2

[Event "40 Nezhmetdinov Memorial"]
[Site "Kazan"]
[Date "2018.09.13"]
[Round "1.21"]
[White "Kabanov, Nikolai"]
[Black "Garifullina, Leya"]
[Result "1-0"]
[WhiteElo "2484"]
[BlackElo "2053"]
[PlyCount "117"]
[EventDate "2018.09.13"]

1. Nf3 d5 2. d4 Nf6 3. e3 c5 4. dxc5 Qa5+ 5. Nbd2 Qxc5 6. c4 e6 7. a3 dxc4 8.
Nxc4 Be7 9. b4 Qc7 10. Bb2 O-O 11. Rc1 Qd8 12. Bd3 Nbd7 13. Qc2 b6 14. e4 h6
15. Qe2 Bb7 16. e5 Nh5 17. g3 a5 18. O-O axb4 19. axb4 Bxb4 20. Rfd1 b5 21. Ne3
Qb6 22. Nh4 Bc5 23. Bb1 Rfd8 24. Qxh5 Bxe3 25. fxe3 Qxe3+ 26. Kf1 Qb3 27. Qe2
Nf8 28. Kg1 Rd5 29. Bc2 Qb4 30. Rxd5 Bxd5 31. Bb1 Bc4 32. Qf2 Rd8 33. Ng2 Rd2
34. Bc3 Rxf2 35. Bxb4 Re2 36. Re1 Rb2 37. Bc3 Rb3 38. Rc1 g6 39. Ne3 b4 40.
Bxb4 Ba6 41. Bc3 h5 42. Ba2 Ra3 43. Bc4 Bb7 44. Kf2 Nd7 45. Bd4 Ra8 46. Bb5 Nf8
47. Rc7 Be4 48. Nc4 Ra2+ 49. Ke3 Bd5 50. Nd6 Rxh2 51. Ne8 Nh7 52. Nf6+ Nxf6 53.
exf6 h4 54. Be5 Rh1 55. gxh4 Rxh4 56. Bd3 Rh5 57. Kd4 Rh4+ 58. Kc5 Rh3 59. Bxg6
1-0

[Event "40 Nezhmetdinov Memorial"]
[Site "Kazan"]
[Date "2018.09.13"]
[Round "1.22"]
[White "Kuzmin, Roman"]
[Black "Usmanov, Vasily"]
[Result "1/2-1/2"]
[WhiteElo "2053"]
[BlackElo "2470"]
[PlyCount "81"]
[EventDate "2018.09.13"]

1. e4 c5 2. Nf3 Nc6 3. d4 cxd4 4. Nxd4 Nf6 5. Nc3 e6 6. Ndb5 Bc5 7. Nd6+ Ke7 8.
Bf4 e5 9. Nf5+ Kf8 10. Bg5 Bb4 11. Bxf6 Qxf6 12. Ne3 Bxc3+ 13. bxc3 d6 14. Bc4
g6 15. O-O Kg7 16. Qd2 Be6 17. Qxd6 Rhd8 18. Qa3 Bxc4 19. Nxc4 b5 20. Ne3 Qf4
21. Qc5 Rac8 22. Qxb5 Qxe4 23. Rad1 Qh4 24. Rxd8 Qxd8 25. Rd1 Qa5 26. Qxa5 Nxa5
27. Rd5 Nc4 28. Nxc4 Rxc4 29. Rxe5 Rxc3 30. Ra5 Rxc2 31. g3 Rc7 32. Ra6 g5 33.
g4 f6 34. Kg2 Kg6 35. Kg3 Rd7 36. f3 Rc7 37. h4 h6 38. hxg5 hxg5 39. Ra4 Rb7
40. Ra5 Rh7 41. Ra6 1/2-1/2

[Event "40 Nezhmetdinov Memorial"]
[Site "Kazan"]
[Date "2018.09.13"]
[Round "1.23"]
[White "Drygalov, Andrey"]
[Black "Pogorelskikh, Sofia"]
[Result "1-0"]
[WhiteElo "2465"]
[BlackElo "2037"]
[PlyCount "83"]
[EventDate "2018.09.13"]

1. e4 c5 2. Nf3 d6 3. d4 cxd4 4. Nxd4 Nf6 5. Nc3 a6 6. Be3 e5 7. Nb3 Be6 8. f3
h5 9. Qd2 Nbd7 10. Nd5 Bxd5 11. exd5 g6 12. O-O-O Nb6 13. Kb1 Nbxd5 14. Bg5 Be7
15. c4 Nc7 16. Bxf6 Bxf6 17. Qxd6 Be7 18. Qxd8+ Rxd8 19. Bd3 Ne6 20. Rhe1 Bf6
21. Na5 Nc5 22. Bc2 Rxd1+ 23. Rxd1 b6 24. Nc6 O-O 25. Rd6 Kg7 26. b4 Ne6 27.
Be4 h4 28. a4 Nf4 29. Rd2 Ne6 30. Rd7 Nf4 31. c5 bxc5 32. b5 axb5 33. axb5 Ne2
34. b6 Nd4 35. Na7 Rd8 36. b7 Rb8 37. Rc7 h3 38. gxh3 Ne2 39. Rc8 Nc3+ 40. Kc2
Nxe4 41. Rxb8 Nd6 42. Rg8+ 1-0

[Event "40 Nezhmetdinov Memorial"]
[Site "Kazan"]
[Date "2018.09.13"]
[Round "1.24"]
[White "Pingin, Artem"]
[Black "Gaifullin, Artur"]
[Result "0-1"]
[WhiteElo "2019"]
[BlackElo "2454"]
[PlyCount "90"]
[EventDate "2018.09.13"]

1. e4 c6 2. d4 d5 3. Nc3 dxe4 4. Nxe4 Bf5 5. Ng3 Bg6 6. Nf3 Nd7 7. Bc4 e6 8. h4
h6 9. Bf4 Ngf6 10. Qe2 Nd5 11. Bc1 Qa5+ 12. Bd2 Qc7 13. O-O Bd6 14. Ne4 Be7 15.
Bb3 Bh5 16. g3 b5 17. a4 b4 18. c4 bxc3 19. Nxc3 O-O 20. Bc2 N7f6 21. Kg2 Qb7
22. Rab1 Nb4 23. Be4 Rad8 24. Qe3 Nxe4 25. Nxe4 Nc2 26. Qc3 Nxd4 27. Nxd4 c5
28. f3 cxd4 29. Qd3 f5 30. Nf2 e5 31. b4 Kh8 32. Rbe1 Bd6 33. b5 Rf6 34. a5
Rdf8 35. a6 Qa8 36. Rc1 Rg6 37. Nh1 e4 38. Qxd4 Bxf3+ 39. Kh2 Qd8 40. Kh3 Bxh1
41. Bf4 Bxf4 42. Qxd8 Rxd8 43. Rxf4 Bf3 44. Rc7 Rd1 45. Rc8+ Kh7 0-1

[Event "40 Nezhmetdinov Memorial"]
[Site "Kazan"]
[Date "2018.09.13"]
[Round "1.25"]
[White "Samusenko, Maksim"]
[Black "Murzin, Lenar"]
[Result "1-0"]
[WhiteElo "2442"]
[BlackElo "2007"]
[PlyCount "25"]
[EventDate "2018.09.13"]

1. e4 c5 2. Nf3 e6 3. g3 Nc6 4. Bg2 d5 5. exd5 exd5 6. d4 Bg4 7. O-O Nxd4 8.
Qe1+ Ne6 9. Ne5 Bf5 10. c4 d4 11. Bxb7 Ne7 12. Qd1 Nc7 13. Re1 1-0

[Event "40 Nezhmetdinov Memorial"]
[Site "Kazan"]
[Date "2018.09.13"]
[Round "1.26"]
[White "Gabitov, Bulat"]
[Black "Mokshanov, Alexey"]
[Result "0-1"]
[WhiteElo "1998"]
[BlackElo "2439"]
[PlyCount "96"]
[EventDate "2018.09.13"]

1. d4 d5 2. c4 e6 3. Nf3 Nf6 4. g3 dxc4 5. Bg2 a6 6. O-O Nc6 7. Bg5 Be7 8. e3
Bd7 9. Nbd2 b5 10. Ne5 Nd5 11. Bxe7 Qxe7 12. Nxd7 Qxd7 13. Qh5 O-O 14. Rfd1
Ncb4 15. Ne4 Qe7 16. Nc5 c6 17. a3 Nf6 18. Qe2 Nbd5 19. Qd2 Nd7 20. Nxd7 Qxd7
21. e4 Nb6 22. Qg5 h6 23. Qe3 Na4 24. Rd2 Rad8 25. Rad1 Qc7 26. b3 cxb3 27.
Qxb3 c5 28. dxc5 Rxd2 29. Rxd2 Qxc5 30. h3 Rc8 31. Qd3 Nb2 32. Qd7 Nc4 33. Rd1
Rf8 34. a4 Nb6 35. Qd6 Qxd6 36. Rxd6 Nxa4 37. Rxa6 Rb8 38. e5 Nc3 39. Ra3 b4
40. Rb3 Na4 41. Kf1 Nc5 42. Rb1 b3 43. Ke2 Na4 44. Kd3 Rc8 45. Kd4 b2 46. Be4
Rc1 47. h4 f5 48. exf6 gxf6 0-1

[Event "40 Nezhmetdinov Memorial"]
[Site "Kazan"]
[Date "2018.09.13"]
[Round "1.27"]
[White "Kalegin, Evgenij"]
[Black "Novikov, Roman"]
[Result "1-0"]
[WhiteElo "2433"]
[BlackElo "1992"]
[PlyCount "55"]
[EventDate "2018.09.13"]

1. e4 e6 2. d4 d5 3. Nc3 dxe4 4. Nxe4 Nd7 5. Bd3 Ngf6 6. Qe2 c5 7. Nf3 cxd4 8.
O-O Be7 9. Nxd4 O-O 10. c3 Nc5 11. Nxc5 Bxc5 12. Nb3 Bd6 13. Bg5 Qc7 14. Bxf6
gxf6 15. Qh5 f5 16. Rae1 f6 17. Nd4 Qf7 18. Qxf7+ Kxf7 19. Bc4 Be5 20. Nxf5 Bd7
21. f4 Bc7 22. Nd4 Bb6 23. f5 Bxd4+ 24. cxd4 Rfe8 25. fxe6+ Bxe6 26. Rxe6 Rxe6
27. Re1 Rae8 28. Kf2 1-0

[Event "40 Nezhmetdinov Memorial"]
[Site "Kazan"]
[Date "2018.09.13"]
[Round "1.28"]
[White "Ismagilov, Igor"]
[Black "Yankelevich, Lev"]
[Result "1/2-1/2"]
[WhiteElo "1952"]
[BlackElo "2431"]
[PlyCount "129"]
[EventDate "2018.09.13"]

1. d4 Nf6 2. Bf4 c5 3. c3 Qb6 4. Qb3 Qxb3 5. axb3 cxd4 6. cxd4 Nc6 7. Nf3 Nd5
8. Bd2 Ndb4 9. Na3 d5 10. e3 e6 11. Ne5 f6 12. Nd3 Bd7 13. Nxb4 Nxb4 14. Be2
Rc8 15. Bc3 a6 16. O-O Bd6 17. Rfc1 Ke7 18. Nc2 Nc6 19. Ne1 Na7 20. Nd3 Bb5 21.
Kf1 Nc6 22. Ne1 e5 23. Bxb5 axb5 24. Nc2 e4 25. b4 f5 26. g3 g5 27. Na3 Na7 28.
Bd2 Rxc1+ 29. Rxc1 h5 30. Kg2 h4 31. h3 Rg8 32. gxh4 gxh4+ 33. Kh1 Kf6 34. Rg1
Rc8 35. Kg2 Rg8+ 36. Kf1 Rxg1+ 37. Kxg1 f4 38. exf4 Kf5 39. Nc2 Bxf4 40. Bxf4
Kxf4 41. Ne3 Nc6 42. Nxd5+ Kf3 43. Ne3 Nxd4 44. Ng2 Nf5 45. Kf1 e3 46. Ne1+ Kf4
47. Ng2+ Kf3 48. Ne1+ Ke4 49. f3+ Kd4 50. Ke2 Ng3+ 51. Kd1 Kc4 52. Nc2 Kb3 53.
Nxe3 Kxb2 54. f4 Kc3 55. f5 Ne4 56. Nd5+ Kc4 57. f6 Ng5 58. Ne3+ Kxb4 59. Nf5
Ka3 60. Nd6 b4 61. Nc4+ Ka2 62. Kc2 b3+ 63. Kc1 Nf7 64. Nb2 Ne5 65. Nd1 1/2-1/2

[Event "40 Nezhmetdinov Memorial"]
[Site "Kazan"]
[Date "2018.09.13"]
[Round "1.29"]
[White "Tsoi, Dmitry"]
[Black "Grekhov, Luka"]
[Result "1-0"]
[WhiteElo "2422"]
[BlackElo "1914"]
[PlyCount "41"]
[EventDate "2018.09.13"]

1. c4 e5 2. g3 d5 3. cxd5 Qxd5 4. Nf3 Nf6 5. Nc3 Qc5 6. b4 Qxb4 7. Nxe5 Qc5 8.
Qa4+ c6 9. Nd3 Qd6 10. Bg2 Bf5 11. Nf4 Be7 12. e4 Bd7 13. d4 c5 14. e5 Qb6 15.
Qc2 cxd4 16. exf6 Bb4 17. fxg7 Rg8 18. Nfd5 Qe6+ 19. Kd1 Qd6 20. Re1+ Be6 21.
Nb5 1-0

[Event "40 Nezhmetdinov Memorial"]
[Site "Kazan"]
[Date "2018.09.13"]
[Round "1.30"]
[White "Yakimova, Mariya"]
[Black "Faizrakhmanov, Ramil"]
[Result "0-1"]
[WhiteElo "1882"]
[BlackElo "2414"]
[PlyCount "84"]
[EventDate "2018.09.13"]

1. d4 Nf6 2. c4 e6 3. g3 d5 4. Nf3 dxc4 5. Qa4+ c6 6. Qxc4 b5 7. Qc2 Bb7 8. Bg2
Nbd7 9. Nc3 c5 10. O-O a6 11. Rd1 Rc8 12. Qb3 c4 13. Qc2 b4 14. Nb1 Be4 15. Qa4
Bc6 16. Qxa6 Bd5 17. e4 Ra8 18. Qb5 Ra5 19. Qxa5 Qxa5 20. exd5 Nxd5 21. Nbd2 c3
22. Nb3 Qa4 23. Ne5 Be7 24. Bxd5 exd5 25. bxc3 bxc3 26. Rd3 Nxe5 27. dxe5 Qe4
28. Rd4 Qe1+ 29. Kg2 Qxe5 30. Bf4 Qe6 31. Rad1 O-O 32. Rxd5 c2 33. R1d3 Ba3 34.
Re5 Qc6+ 35. Kg1 Bd6 36. Re1 Bxf4 37. gxf4 Rc8 38. Rc1 h6 39. Nd4 Qe4 40. Rd2
Qxf4 41. Nb3 Rc3 42. Re2 Rxb3 0-1

[Event "40 Nezhmetdinov Memorial"]
[Site "Kazan"]
[Date "2018.09.13"]
[Round "1.31"]
[White "Makhmutov, Rail"]
[Black "Smorodkin, Kirill"]
[Result "1-0"]
[WhiteElo "2407"]
[BlackElo "1875"]
[PlyCount "81"]
[EventDate "2018.09.13"]

1. d4 d5 2. c4 c6 3. Nf3 Nf6 4. e3 Bf5 5. Nc3 e6 6. Nh4 Bg6 7. Be2 Bd6 8. g3
Nbd7 9. O-O O-O 10. Nxg6 hxg6 11. Qc2 Rc8 12. b3 b6 13. Bb2 c5 14. dxc5 bxc5
15. Rad1 Nb6 16. cxd5 exd5 17. Bf3 Bb8 18. Rd2 Qe7 19. Nxd5 Nbxd5 20. Bxd5 Nxd5
21. Rxd5 c4 22. bxc4 Qb4 23. Rc1 Rc6 24. Qc3 Qxc3 25. Rxc3 Rfc8 26. c5 f6 27.
Rb3 Bc7 28. Rb7 a6 29. h4 Kh7 30. Bd4 Rb8 31. Rxb8 Bxb8 32. Kg2 Bc7 33. Rd7 Kg8
34. Kf3 Ba5 35. Ke4 Kf8 36. Kd5 Rc8 37. c6 Bc7 38. Bc5+ Kg8 39. Bd6 Bb6 40. c7
Re8 41. Kc6 1-0

[Event "40 Nezhmetdinov Memorial"]
[Site "Kazan"]
[Date "2018.09.13"]
[Round "1.32"]
[White "Nikolaeva, Ksenya"]
[Black "Palachev, Petr"]
[Result "0-1"]
[WhiteElo "1874"]
[BlackElo "2405"]
[PlyCount "90"]
[EventDate "2018.09.13"]

1. e4 c5 2. Nf3 d6 3. d4 cxd4 4. Nxd4 Nf6 5. Bd3 Nc6 6. Nxc6 bxc6 7. O-O g6 8.
c4 Bg7 9. Nc3 O-O 10. Rb1 a5 11. b3 Nd7 12. Bb2 Nc5 13. Bc2 Qc7 14. Qe2 e5 15.
Rfd1 Ne6 16. Qd2 Nd4 17. Ne2 c5 18. h3 Bb7 19. Rbc1 Bh6 20. f4 Nxe2+ 21. Qxe2
Bxf4 22. Rb1 Qe7 23. Bc3 Bc6 24. Qe1 f5 25. a4 Rf6 26. Qe2 Bg3 27. Rf1 f4 28.
Rf3 h5 29. Be1 h4 30. Rd1 g5 31. Rc3 Rg6 32. Qh5 Kg7 33. Qe2 g4 34. hxg4 Bd7
35. Qd2 Bxg4 36. Rb1 Rh8 37. Rd3 Bxe1 38. Rxe1 h3 39. g3 h2+ 40. Kh1 fxg3 41.
Rxg3 Qh4 42. Qe3 Bf3+ 43. Rxf3 Rg1+ 44. Rxg1+ hxg1=Q+ 45. Kxg1 Qh1+ 0-1

[Event "40 Nezhmetdinov Memorial"]
[Site "Kazan"]
[Date "2018.09.13"]
[Round "1.33"]
[White "Baghdasaryan, Vahe"]
[Black "Makov, Artem"]
[Result "1-0"]
[WhiteElo "2404"]
[BlackElo "1818"]
[PlyCount "100"]
[EventDate "2018.09.13"]

1. c4 Nf6 2. Nc3 e6 3. e4 d5 4. e5 Nfd7 5. d4 dxc4 6. Bxc4 Nb6 7. Be2 c5 8. Nf3
Nc6 9. Bg5 Qd7 10. dxc5 Qxd1+ 11. Rxd1 Bxc5 12. a3 O-O 13. O-O Be7 14. Be3 Nd7
15. Bf4 Rd8 16. b4 b6 17. Ne4 f6 18. exf6 Nxf6 19. Nxf6+ gxf6 20. Rxd8+ Nxd8
21. Rc1 e5 22. Bh6 Be6 23. Rc7 Kf7 24. Nxe5+ fxe5 25. Bg5 Nc6 26. Bh5+ Kf8 27.
Bh6+ Kg8 28. Rxc6 Bf7 29. Bf3 Rd8 30. h3 Bg6 31. Rc7 Bf6 32. Rxa7 e4 33. Bg4
Bf7 34. Rb7 Bd4 35. Bf5 Be5 36. Bg4 Bd4 37. g3 Bd5 38. Re7 Bb2 39. a4 Ba3 40.
Rg7+ Kh8 41. Bf5 Bxb4 42. Rxh7+ Kg8 43. Rg7+ Kh8 44. Rg4 Bc3 45. Bxe4 Be6 46.
Rh4 Kg8 47. Be3 Bf6 48. Rh6 Kg7 49. Rh7+ Kg8 50. Rb7 Bxh3 1-0

[Event "40 Nezhmetdinov Memorial"]
[Site "Kazan"]
[Date "2018.09.13"]
[Round "1.34"]
[White "Nikolaev, Matvei"]
[Black "Salemgareev, Tagir"]
[Result "0-1"]
[WhiteElo "1807"]
[BlackElo "2394"]
[PlyCount "76"]
[EventDate "2018.09.13"]

1. e4 Nf6 2. e5 Nd5 3. d4 d6 4. c4 Nb6 5. Nf3 Bf5 6. Bd3 Bxd3 7. Qxd3 e6 8.
exd6 cxd6 9. Nc3 Be7 10. O-O O-O 11. Bf4 Nc6 12. Rad1 d5 13. c5 Nc4 14. b3 Nb2
15. Qe2 Nxd1 16. Rxd1 b6 17. Qb5 Rc8 18. b4 Nxb4 19. Qxb4 bxc5 20. dxc5 Rxc5
21. Qb3 Qa5 22. Qb7 Bf6 23. Bd6 Qxc3 24. Bxf8 Kxf8 25. Qxa7 g6 26. h3 Kg7 27.
Qd7 Ra5 28. Rd2 Qa1+ 29. Kh2 Rxa2 30. Rxa2 Qxa2 31. Kg1 Bd4 32. Qc7 Qxf2+ 33.
Kh2 Bf6 34. Qd6 Qe3 35. Kh1 d4 36. Qc5 e5 37. Qb6 e4 38. Ng1 Be5 0-1

[Event "40 Nezhmetdinov Memorial"]
[Site "Kazan"]
[Date "2018.09.13"]
[Round "1.35"]
[White "Yeletsky, Ivan"]
[Black "Yadigarov, Aivaz"]
[Result "1-0"]
[WhiteElo "2388"]
[BlackElo "1789"]
[PlyCount "91"]
[EventDate "2018.09.13"]

1. c4 Nf6 2. Nf3 g6 3. g3 Bg7 4. Bg2 O-O 5. d4 d6 6. O-O c5 7. Nc3 Nc6 8. d5
Na5 9. Nd2 a6 10. Qc2 Bd7 11. b3 b5 12. Rb1 Qc7 13. h3 Rab8 14. e4 e6 15. Bb2
e5 16. Ne2 Nh5 17. g4 Nf4 18. Nxf4 exf4 19. Bxg7 Kxg7 20. Qc3+ f6 21. g5 b4 22.
Qb2 Qd8 23. Rfe1 Nb7 24. Nf3 Re8 25. Re2 h6 26. gxf6+ Qxf6 27. Qxf6+ Kxf6 28.
Rbe1 Kg7 29. e5 dxe5 30. Nxe5 Bf5 31. Kf1 Rbc8 32. h4 Nd6 33. Bf3 h5 34. Kg2
Re7 35. Nd3 Rxe2 36. Bxe2 Be4+ 37. Kh2 Bxd3 38. Bxd3 Re8 39. Rxe8 Nxe8 40. Kg2
Kf6 41. Kf3 g5 42. hxg5+ Kxg5 43. Ke4 h4 44. Ke5 f3 45. Bf5 Nf6 46. d6 1-0

[Event "40 Nezhmetdinov Memorial"]
[Site "Kazan"]
[Date "2018.09.13"]
[Round "1.36"]
[White "Kopylov, Artem"]
[Black "Tunik, Gennady"]
[Result "1-0"]
[WhiteElo "1779"]
[BlackElo "2367"]
[PlyCount "113"]
[EventDate "2018.09.13"]

1. d4 Nf6 2. c4 e6 3. Nc3 Bb4 4. g3 O-O 5. Bg2 d5 6. Nf3 dxc4 7. O-O Nc6 8. Qa4
Bd7 9. Rd1 Bxc3 10. bxc3 Nxd4 11. Qxc4 Nxf3+ 12. Bxf3 Qc8 13. Bg5 Nd5 14. Qd3
Bc6 15. Rab1 Nb6 16. Rb4 e5 17. Rh4 f5 18. Bxc6 bxc6 19. Qf3 Qe6 20. Qh5 h6 21.
Bc1 Rad8 22. Re1 e4 23. g4 f4 24. g5 Rd5 25. Rg4 Nd7 26. Qh4 hxg5 27. Rxg5 Qf6
28. Rg4 Qxc3 29. Rf1 Nf6 30. Rxf4 g5 31. Rg4 Nxg4 32. Qxg4 Qg7 33. Kh1 Qg6 34.
Be3 Qf5 35. Qg3 Rf7 36. Rg1 Rg7 37. Rc1 c5 38. Rg1 Qd7 39. Kg2 Rd1 40. Rxd1
Qxd1 41. Qe5 Qd6 42. Qe8+ Kh7 43. Qxe4+ Rg6 44. Bxg5 Qc6 45. Qxc6 Rxc6 46. Kf1
Ra6 47. h4 Rxa2 48. f4 a5 49. e4 a4 50. e5 a3 51. e6 Rb2 52. Bf6 Kg8 53. h5
Rb1+ 54. Kg2 a2 55. e7 Kf7 56. h6 a1=Q 57. Bxa1 1-0

[Event "40 Nezhmetdinov Memorial"]
[Site "Kazan"]
[Date "2018.09.13"]
[Round "1.37"]
[White "Sadykov, Ramil"]
[Black "Semenova, Anastasia"]
[Result "1-0"]
[WhiteElo "2364"]
[BlackElo "1775"]
[PlyCount "55"]
[EventDate "2018.09.13"]

1. e4 e5 2. Bc4 Nf6 3. d3 Bc5 4. Nf3 Nc6 5. O-O O-O 6. c3 d5 7. exd5 Nxd5 8.
Re1 Bg4 9. h3 Bh5 10. g4 Bg6 11. Nxe5 Nxe5 12. Rxe5 Bxf2+ 13. Kxf2 Qf6+ 14. Qf3
Qxe5 15. Qxd5 Qf6+ 16. Qf3 Qh4+ 17. Kf1 Kh8 18. Bf4 f5 19. g5 Rae8 20. Nd2 Re4
21. Bxc7 Bh5 22. Qg3 Qxg3 23. Bxg3 Re2 24. Bf4 Rfe8 25. d4 R2e7 26. Be5 f4 27.
Kf2 h6 28. gxh6 1-0